000 00441nam a2200181Ia 4500
001 16708
005 20260306170330.0
008 260306t2008||||xx |||||||||||||| ||und||
041 _aESP
082 _a349.601
_bC33 T. 1
100 _aCastro y Bravo, Federico de
_eAUT
245 0 _aDerecho civil de España
260 _c2008
300 _axxx, 781 páginas :
_c24 cm.
650 _aGEN
654 _aCDE
942 _cLIB
_dJUS
_fJUS
_2ddc
_n
999 _c16708
_d16708